[Event "Osijek op"]
[Site "Osijek"]
[Date "2015.03.06"]
[Round "4"]
[White "Perci, Franjo"]
[Black "Ontl, Vaclav"]
[Result "1-0"]
[WhiteElo "1724"]
[BlackElo "1630"]
[PlyCount "65"]
[EventDate "2015.03.05"]
[EventType "swiss"]
[EventRounds "7"]
[EventCountry "CRO"]
[SourceTitle "CBM 165 Extra"]
[Source "ChessBase"]
[SourceDate "2015.04.21"]
[SourceVersion "1"]
[SourceVersionDate "2015.04.21"]
[SourceQuality "1"]

1. e4 Nc6 2. d4 d6 3. Be3 Nf6 4. Nc3 g6 5. h3 Bg7 6. Bc4 a6 7. a3 b5 8. Ba2 Bb7 9. Nge2 b4 10. axb4 Nxb4 11. Ng3 0-0 12. 0-0 Nxa2 13. Rxa2 e6 14. h4 h6 15. h5 g5 16. Qd2 Ng4 17. f3 Nxe3 18. Qxe3 f5 19. exf5 exf5 20. Qe6+ Kh8 21. Qc4 f4 22. Nge2 Qd7 23. Kf2 Rae8 24. Ke1 g4 25. Kd1 d5 26. Qd3 Re3 27. Qd2 g3 28. Nxf4 Rxf4 29. Qxe3 Rxd4+ 30. Kc1 Kh7 31. Ne2 Bf6 32. Nxd4 Bg5 33. f4 1-0

[Event "Bjelovar op 6th"]
[Site "Bjelovar"]
[Date "2014.08.06"]
[Round "7"]
[White "Ontl, Vaclav"]
[Black "Jakrlin, Mihael"]
[Result "0-1"]
[WhiteElo "1647"]
[BlackElo "1619"]
[PlyCount "40"]
[EventDate "2014.08.03"]
[EventType "swiss"]
[EventRounds "7"]
[EventCountry "CRO"]
[SourceTitle "EXT 2019"]
[Source "ChessBase"]
[SourceDate "2018.10.10"]
[SourceVersion "1"]
[SourceVersionDate "2018.10.10"]
[SourceQuality "1"]

1. d4 Nf6 2. c4 g6 3. Nc3 Bg7 4. e4 d6 5. Be3 0-0 6. h3 Re8 7. Qc2 Nc6 8. Rd1 e5 9. d5 Ne7 10. Nf3 Nh5 11. g3 f5 12. Be2 f4 13. gxf4 Nxf4 14. Bxf4 exf4 15. h4 Bg4 16. Ng5 Bxe2 17. Kxe2 Nf5 18. Ne6 Rxe6 19. Kd2 Nd4 20. Qd3 Re8 0-1

[Event "Osijek-ch op"]
[Site "Osijek"]
[Date "2014.02.22"]
[Round "5"]
[White "Ontl, Vaclav"]
[Black "Petrovic, David"]
[Result "0-1"]
[WhiteElo "1690"]
[BlackElo "1767"]
[PlyCount "98"]
[EventDate "2014.02.20"]
[EventType "swiss"]
[EventRounds "7"]
[EventCountry "CRO"]
[SourceTitle "CBM 159 Extra"]
[Source "ChessBase"]
[SourceDate "2014.04.24"]
[SourceVersion "1"]
[SourceVersionDate "2014.04.24"]
[SourceQuality "1"]

1. d4 d5 2. Bf4 c6 3. Nf3 Nf6 4. e3 Bf5 5. Bd3 e6 6. a3 Bd6 7. Bg5 Nbd7 8. Bxf5 exf5 9. Nbd2 0-0 10. Nh4 g6 11. Qf3 Qc7 12. g3 Ne4 13. Nxe4 fxe4 14. Qe2 a5 15. Ng2 b5 16. Bf4 Nb6 17. b3 Qe7 18. Bxd6 Qxd6 19. 0-0 Rfe8 20. h4 Kg7 21. Nf4 h6 22. Kg2 Qe7 23. Qg4 Kh7 24. h5 g5 25. Qf5+ Kg7 26. Ne2 Qe6 27. Qh3 Qxh3+ 28. Kxh3 f5 29. g4 Rf8 30. f3 exf3 31. Rxf3 fxg4+ 32. Kxg4 Rxf3 33. Kxf3 Rf8+ 34. Kg2 Nd7 35. Rf1 Rxf1 36. Kxf1 Kf6 37. Ng3 Nf8 38. Ke2 Ne6 39. Kf3 Ng7 40. Kg4 Ke6 41. Kf3 Nf5 42. Ne2 Nd6 43. Ng3 a4 44. e4 dxe4+ 45. Nxe4 Nxe4 46. Kxe4 b4 47. Kd3 bxa3 48. Kc3 axb3 49. cxb3 g4 0-1

[Event "Osijek-ch op"]
[Site "Osijek"]
[Date "2012.02.24"]
[Round "3"]
[White "Ontl, Vaclav"]
[Black "Grguric, Stjepan Kresimir"]
[Result "0-1"]
[WhiteElo "1690"]
[BlackElo "1984"]
[PlyCount "58"]
[EventDate "2012.02.23"]
[EventType "swiss"]
[EventRounds "7"]
[EventCountry "CRO"]
[SourceTitle "EXT 2013"]
[Source "ChessBase"]
[SourceDate "2012.11.22"]
[SourceVersion "1"]
[SourceVersionDate "2012.11.22"]
[SourceQuality "1"]

1. d4 d5 2. c4 dxc4 3. Nc3 Nf6 4. Bg5 e6 5. e4 Be7 6. e5 Nd5 7. Bxe7 Nxe7 8. Bxc4 a6 9. Nf3 b5 10. Bd3 Bb7 11. Be4 Bxe4 12. Nxe4 0-0 13. 0-0 Nd5 14. Qc2 h6 15. a3 Nd7 16. Rac1 Qe7 17. Qc6 N7b6 18. Nc3 b4 19. Nxd5 Nxd5 20. a4 f6 21. Rfe1 f5 22. Nd2 Rae8 23. Nc4 Qg5 24. Ne3 Nf4 25. Rcd1 Nh3+ 26. Kf1 f4 27. Nc4 f3 28. g3 Nf4 29. Qxf3 Nh3 0-1

[Event "Osijek-ch op"]
[Site "Osijek"]
[Date "2012.02.23"]
[Round "2"]
[White "Lucan, Darko"]
[Black "Ontl, Vaclav"]
[Result "1/2-1/2"]
[WhiteElo "1948"]
[BlackElo "1690"]
[PlyCount "71"]
[EventDate "2012.02.23"]
[EventType "swiss"]
[EventRounds "7"]
[EventCountry "CRO"]
[SourceTitle "EXT 2013"]
[Source "ChessBase"]
[SourceDate "2012.11.22"]
[SourceVersion "1"]
[SourceVersionDate "2012.11.22"]
[SourceQuality "1"]

1. e4 c5 2. Nf3 Nc6 3. Nc3 g6 4. Bc4 e6 5. a3 Bg7 6. 0-0 Nge7 7. Ne2 d5 8. exd5 exd5 9. Ba2 Bg4 10. Ng3 Nd4 11. c3 Nxf3+ 12. gxf3 Be6 13. Qa4+ Bd7 14. Qh4 0-0 15. d4 c4 16. Re1 Re8 17. Bg5 Be6 18. f4 Qd7 19. Bf6 Nf5 20. Nxf5 Bxf5 21. Re5 Re6 22. Bxg7 Kxg7 23. Rae1 Rae8 24. Qg3 h6 25. R1e3 Rxe5 26. fxe5 Qa4 27. Re1 Qd7 28. h4 Kh7 29. Kh2 h5 30. Bb1 Bxb1 31. Rxb1 Qf5 32. Rc1 f6 33. f4 Re6 34. Rf1 Qe4 35. Rf2 f5 36. Qg5 1/2-1/2

[Event "Osijek-ch op"]
[Site "Osijek"]
[Date "2012.02.23"]
[Round "1"]
[White "Ontl, Vaclav"]
[Black "Grandic, Zvjezdan"]
[Result "0-1"]
[WhiteElo "1690"]
[BlackElo "2164"]
[PlyCount "86"]
[EventDate "2012.02.23"]
[EventType "swiss"]
[EventRounds "7"]
[EventCountry "CRO"]
[SourceTitle "EXT 2013"]
[Source "ChessBase"]
[SourceDate "2012.11.22"]
[SourceVersion "1"]
[SourceVersionDate "2012.11.22"]
[SourceQuality "1"]

1. d4 Nf6 2. Nf3 e6 3. c4 c5 4. Bg5 Be7 5. Nc3 0-0 6. e3 b6 7. Qc2 Bb7 8. Bxf6 Bxf6 9. d5 Bxc3+ 10. bxc3 exd5 11. Bd3 h6 12. cxd5 Bxd5 13. Rd1 Bc6 14. Be4 Qe7 15. Bxc6 Nxc6 16. 0-0 Rfd8 17. Rd2 d6 18. Rfd1 Ne5 19. Qe4 Rac8 20. Kf1 Kf8 21. Nh4 g6 22. g3 b5 23. Rd5 Nc4 24. Qf3 Kg7 25. Kg1 Qf6 26. Qg4 Kh7 27. Qf3 Qxf3 28. Nxf3 Rc6 29. e4 Re8 30. Nd2 Nb6 31. Rd3 c4 32. Rd4 Na4 33. Nb1 Re6 34. f3 Kg7 35. Kf2 Nb2 36. R1d2 Nd3+ 37. Kf1 f5 38. Na3 Rc5 39. Nc2 fxe4 40. fxe4 Rce5 41. Re2 Nc5 42. Nb4 Nxe4 43. Nc6 Nxg3+ 0-1

[Event "Osijek-ch op"]
[Site "Osijek"]
[Date "2011.02.26"]
[Round "5"]
[White "Ontl, Vaclav"]
[Black "Vlaicevic, Marko"]
[Result "0-1"]
[WhiteElo "1647"]
[BlackElo "1706"]
[PlyCount "64"]
[EventDate "2011.02.24"]
[EventType "swiss"]
[EventRounds "7"]
[EventCountry "CRO"]
[SourceTitle "EXT 2012"]
[Source "ChessBase"]
[SourceDate "2011.11.24"]
[SourceVersion "1"]
[SourceVersionDate "2011.11.24"]
[SourceQuality "1"]

1. d4 Nf6 2. c4 e6 3. Nc3 d5 4. Bg5 c6 5. cxd5 exd5 6. a3 Bd6 7. e3 0-0 8. Nf3 Bg4 9. h3 Bh5 10. Qc2 Bg6 11. Bd3 Bxd3 12. Qxd3 Nbd7 13. h4 h6 14. Bf4 Bxf4 15. exf4 Re8+ 16. Kd2 Ne4+ 17. Kc2 Nxf2 18. Qf1 Nxh1 19. Qxh1 Qf6 20. Qh2 Re7 21. g4 Rae8 22. g5 hxg5 23. hxg5 Qf5+ 24. Kb3 Qh7 25. Qg2 g6 26. Nh2 Re1 27. Rxe1 Rxe1 28. Ng4 Qh1 29. Nh6+ Kg7 30. Qg4 f5 31. gxf6+ Nxf6 32. Nf5+ Kh7 0-1